[Event "WYCC U18 Girls 2013"]
[Site "Al-Ain UAE"]
[Date "2013.12.27"]
[Round "10.33"]
[White "Orlina, Laura"]
[Black "Alymbay, Kyzy Aizhan"]
[Result "0-1"]
[WhiteElo "1694"]
[BlackElo "1814"]
[WhiteFideId "11601655"]
[BlackFideId "13800043"]
[EventDate "2013.12.18"]

1. e4 c5 2. Nc3 e6 3. g3 Nc6 4. Bg2 Nf6 5. d3 d5 6. Nge2 d4 7. Nb1 Bd7 8. O-O
Be7 9. h3 Qc8 10. f4 e5 11. f5 g6 12. g4 Qc7 13. Ng3 h6 14. Bxh6 Nxg4 15. hxg4
Rxh6 16. Qd2 Rh7 17. f6 Bd6 18. g5 O-O-O 19. Na3 Rdh8 20. Kf2 Nd8 21. Rh1 Ne6
22. Rxh7 Rxh7 23. Rh1 Rxh1 24. Bxh1 Qd8 25. Nc4 Bc7 26. Bf3 Qh8 27. b4 Qh2+ 28.
Bg2 Nf4 29. Kf3 Qh4 30. bxc5 Bg4+ 31. Kf2 Nh5 32. Nd6+ Bxd6 33. cxd6 Qxg3+ 34.
Kf1 Qf4+ 35. Qxf4 Nxf4 0-1

[Event "WYCC U18 Girls 2013"]
[Site "Al-Ain UAE"]
[Date "2013.12.27"]
[Round "10.34"]
[White "Ballantyne, Rochelle"]
[Black "Abdelmenaem, Sohayla"]
[Result "1-0"]
[BlackTitle "WFM"]
[WhiteElo "1934"]
[BlackElo "1734"]
[WhiteFideId "2058235"]
[BlackFideId "10610529"]
[EventDate "2013.12.18"]

1. e4 c5 2. Nf3 Nc6 3. d4 cxd4 4. Nxd4 Nf6 5. Nc3 d6 6. Be2 e5 7. Nb3 Be7 8. O-O
O-O 9. Be3 Be6 10. f4 a6 11. a4 a5 12. Kh1 Nb4 13. Bf3 h6 14. Qe2 Qc8 15. Rg1
Ng4 16. Bxg4 Bxg4 17. Qf2 Kh7 18. f5 d5 19. h3 Bxf5 20. exf5 Bf6 21. Bc5 Rd8 22.
Bb6 Rd7 23. Bxa5 Nxc2 24. Qxc2 d4 25. Qe4 dxc3 26. Bxc3 Re7 27. Nd2 Ra6 28. Nc4
Kg8 29. Rge1 Qd7 30. a5 Qb5 31. Nb6 Kh8 32. Nd5 Rd7 33. Nxf6 gxf6 34. Re3 Rad6
35. Qg4 Qb3 36. Rg3 Rd1+ 37. Kh2 1-0

[Event "WYCC U18 Girls 2013"]
[Site "Al-Ain UAE"]
[Date "2013.12.27"]
[Round "10.35"]
[White "Yousfi, Yasmine"]
[Black "Lepeskaite, Migle"]
[Result "0-1"]
[WhiteElo "1649"]
[BlackElo "1810"]
[WhiteFideId "7904134"]
[BlackFideId "12803065"]
[EventDate "2013.12.18"]

1. c4 e6 2. Nc3 d5 3. cxd5 exd5 4. g3 Nf6 5. Bg2 c6 6. d3 Bb4 7. a3 Ba5 8. b4
Bc7 9. Nf3 O-O 10. O-O Nbd7 11. Bb2 Re8 12. Rc1 Ne5 13. Nxe5 Bxe5 14. d4 Bd6 15.
Na4 a5 16. Bc3 axb4 17. Bxb4 Bxb4 18. axb4 Qe7 19. Nb6 Ra2 20. b5 Rxe2 21. bxc6
bxc6 22. Rxc6 Bg4 23. Nxd5 Nxd5 24. Bxd5 Rxf2 25. Qxg4 Rxf1+ 26. Kxf1 Qe1+ 27.
Kg2 Re2+ 28. Qxe2 Qxe2+ 29. Kh3 Qh5+ 0-1

[Event "WYCC U18 Girls 2013"]
[Site "Al-Ain UAE"]
[Date "2013.12.27"]
[Round "10.37"]
[White "Amra, Tasnim"]
[Black "Lalaoui, Feriel"]
[Result "0-1"]
[WhiteTitle "WFM"]
[BlackTitle "WCM"]
[WhiteElo "1570"]
[BlackElo "1754"]
[WhiteFideId "14300222"]
[BlackFideId "7900481"]
[EventDate "2013.12.18"]

1. e4 e5 2. Nf3 Nc6 3. Bc4 Bc5 4. O-O Nf6 5. d3 d6 6. c3 a6 7. b4 Ba7 8. Nbd2
O-O 9. Bb3 Be6 10. Nc4 h6 11. Be3 b5 12. Ncd2 d5 13. Bxa7 Rxa7 14. Re1 Re8 15.
a4 Ra8 16. a5 Bg4 17. Qc2 d4 18. cxd4 Nxd4 19. Nxd4 Qxd4 20. Qxc7 Rec8 21. Qxf7+
Kh8 22. Nf3 Bxf3 23. gxf3 Qxd3 24. Kg2 Rf8 25. Re3 Qd4 26. Rd1 Rxf7 27. Rxd4
exd4 28. Rd3 Rd7 29. Kg3 g5 30. Be6 Re7 31. Bf5 Rd8 32. h4 Rc7 33. hxg5 hxg5 34.
Rd1 d3 35. e5 d2 36. exf6 Rc1 37. Rxd2 Rxd2 38. f7 Kg7 0-1

[Event "WYCC U18 Girls 2013"]
[Site "Al-Ain UAE"]
[Date "2013.12.27"]
[Round "10.38"]
[White "Tuzi, Bruna"]
[Black "Voges, Rachelle Mari"]
[Result "1-0"]
[WhiteTitle "WCM"]
[BlackTitle "WCM"]
[WhiteElo "1754"]
[BlackElo "1634"]
[WhiteFideId "4701100"]
[BlackFideId "14308908"]
[EventDate "2013.12.18"]

1. e4 e6 2. d4 d5 3. e5 c5 4. c3 Nc6 5. a3 Qb6 6. Nf3 Bd7 7. b4 cxd4 8. cxd4
Nge7 9. Bb2 Nf5 10. Be2 Rc8 11. O-O Be7 12. Qd3 a6 13. Nbd2 Nxe5 14. Nxe5 Bb5
15. Qf3 Rc2 16. Bxb5+ Qxb5 17. Bc3 O-O 18. a4 Qe8 19. Qd3 Rxc3 20. Qxc3 Qc8 21.
Qb2 b6 22. Rac1 Qb7 1-0

[Event "WYCC U18 Girls 2013"]
[Site "Al-Ain UAE"]
[Date "2013.12.27"]
[Round "10.39"]
[White "De Silva, Shelani"]
[Black "Jayamurthey, Pavitranayagi"]
[Result "0-1"]
[WhiteElo "1633"]
[BlackElo "1694"]
[WhiteFideId "9909745"]
[BlackFideId "5708885"]
[EventDate "2013.12.18"]

1. e4 e5 2. Nf3 Nc6 3. Bb5 a6 4. Ba4 Nf6 5. O-O b5 6. Bb3 Be7 7. Re1 d6 8. h3
O-O 9. c3 Bb7 10. d4 h6 11. Nbd2 Re8 12. Nf1 Bf8 13. Ng3 Rc8 14. Nh4 Na5 15. Bc2
exd4 16. cxd4 Nxe4 17. Nhf5 Nxg3 18. Nxg3 Nc6 19. Be3 Nb4 20. Bb3 Bd5 21. a3
Bxb3 22. Qxb3 Nc6 23. a4 Na5 24. Qd3 c6 25. b3 d5 26. Qc3 Nb7 27. Qd3 Nd6 28.
axb5 axb5 29. Ra7 Rc7 30. Ra6 Qd7 31. Rea1 g6 32. Qd2 Kh7 33. Nf1 Ne4 34. Qc1
Bg7 35. Nh2 Qe6 36. Ng4 h5 37. Ne5 Bxe5 38. dxe5 Rcc8 39. Bf4 Qf5 40. R1a2 c5
41. Rc2 d4 42. f3 Nc3 43. Rf6 Qd7 44. Qd2 b4 45. g4 Re6 46. Qf2 Rxf6 47. exf6 d3
48. Qh4 Qd4+ 49. Qf2 Qxf4 50. Rd2 Ne2+ 51. Kg2 Qxd2 0-1

[Event "WYCC U18 Girls 2013"]
[Site "Al-Ain UAE"]
[Date "2013.12.27"]
[Round "10.40"]
[White "Dewanthi, A H Chamika"]
[Black "Schucman, Rebeca Lot"]
[Result "1/2-1/2"]
[WhiteElo "1584"]
[BlackElo "1672"]
[WhiteFideId "9906304"]
[BlackFideId "2140691"]
[EventDate "2013.12.18"]

1. e4 c5 2. Nf3 g6 3. d4 cxd4 4. Nxd4 Bg7 5. c4 Nc6 6. Be3 Nf6 7. Nc3 O-O 8. Be2
d6 9. O-O Bd7 10. Qd2 Nxd4 11. Bxd4 Bc6 12. Bxf6 Bxf6 13. Nd5 Bg7 14. Bf3 Rc8
15. Rac1 e6 16. Nb4 Qe7 17. b3 Rfd8 18. Rfe1 Qh4 19. Nxc6 Rxc6 20. Rcd1 Be5 21.
g3 Qf6 22. Qe3 a5 23. Bg2 Qe7 24. Qd2 Bg7 25. Qxa5 Ra6 26. Qd2 Rda8 27. a4 Rb6
28. Qe3 Qc7 29. Rd3 Qc5 30. Qd2 Qa3 31. Qc2 Rc8 32. Bf3 Qb4 33. Rb1 Rxc4 34.
bxc4 Qxb1+ 35. Qxb1 Rxb1+ 36. Rd1 Rb6 37. a5 Ra6 38. Be2 Bf8 39. c5 Rc6 40. cxd6
Bxd6 41. Rb1 Rc2 42. Bd3 Ra2 43. Rxb7 Rxa5 44. f3 Ra3 45. Be2 Ra1+ 46. Kg2 Ra2
47. Kf1 Bc5 48. Rb1 Kg7 49. h3 h5 50. g4 hxg4 51. hxg4 Be3 52. Bc4 Rf2+ 53. Ke1
Rxf3 54. Ke2 Rg3 55. Rb3 Bf4 56. Rxg3 Bxg3 57. Kf3 Be5 58. Bb5 f5 59. exf5 exf5
60. gxf5 gxf5 61. Bd3 1/2-1/2

[Event "WYCC U18 Girls 2013"]
[Site "Al-Ain UAE"]
[Date "2013.12.27"]
[Round "10.42"]
[White "Strasevici, Ana"]
[Black "El, Kader Maria"]
[Result "1/2-1/2"]
[WhiteElo "1496"]
[BlackElo "1619"]
[WhiteFideId "13907042"]
[BlackFideId "14137380"]
[EventDate "2013.12.18"]

1. d4 Nf6 2. c4 c5 3. e3 cxd4 4. exd4 g6 5. Nc3 Bg7 6. Nf3 O-O 7. Bd3 d6 8. O-O
Nc6 9. d5 Nb4 10. Nh4 a5 11. a3 Na6 1/2-1/2

[Event "WYCC U18 Girls 2013"]
[Site "Al-Ain UAE"]
[Date "2013.12.28"]
[Round "11.1"]
[White "Ziaziulkina, Nastassia"]
[Black "Bezkorovaina, Mariia"]
[Result "1/2-1/2"]
[WhiteTitle "WGM"]
[WhiteElo "2354"]
[BlackElo "2081"]
[WhiteFideId "13505211"]
[BlackFideId "14116324"]
[EventDate "2013.12.18"]

1. e4 c6 2. d4 d5 3. Nc3 dxe4 4. Nxe4 Nf6 5. Nxf6+ exf6 6. c3 Bd6 7. Bd3 O-O 8.
Qc2 Re8+ 9. Ne2 h6 10. O-O Nd7 11. Bf4 Nf8 12. Bxd6 Qxd6 13. Ng3 Bg4 14. Rfe1
Rad8 15. Qa4 Qb8 16. h3 Bc8 17. Rad1 Be6 18. Qc2 Qc7 19. Re3 c5 20. dxc5 Qxc5
21. Rde1 Re7 22. Nf5 Red7 23. Nd4 Bc4 24. Bxc4 Qxc4 25. b3 Qa6 26. Re8 g6 27.
Qd2 Rxe8 28. Rxe8 Kg7 29. a4 Qd6 30. Qe3 Rd8 31. Qd3 Kh7 32. Qc4 Kg7 33. Re3 Qd5
34. Qb4 Rd7 35. Re8 Qd6 36. Qxd6 Rxd6 37. Kf1 Ne6 38. Nxe6+ Rxe6 39. Rc8 Re7 40.
b4 f5 41. f4 Kf6 42. Kf2 g5 43. Kf3 Kg6 44. fxg5 hxg5 45. g3 f6 46. c4 a6 47. b5
axb5 48. axb5 b6 49. Rc6 Re4 50. Rxb6 Rxc4 51. Rb8 g4+ 52. hxg4 1/2-1/2

[Event "WYCC U18 Girls 2013"]
[Site "Al-Ain UAE"]
[Date "2013.12.28"]
[Round "11.2"]
[White "Bivol, Alina"]
[Black "Tomnikova, Lidia"]
[Result "1/2-1/2"]
[WhiteTitle "WIM"]
[BlackTitle "WFM"]
[WhiteElo "2236"]
[BlackElo "2167"]
[WhiteFideId "4100123"]
[BlackFideId "4113110"]
[EventDate "2013.12.18"]

1. d4 Nf6 2. c4 e6 3. Nf3 b6 4. e3 Bb7 5. Bd3 Be7 6. O-O d6 7. Nc3 Nbd7 8. b3
O-O 9. Bb2 Re8 10. Nd2 c5 11. d5 Ne5 12. Qc2 Nxd3 13. Qxd3 exd5 14. cxd5 Nd7 15.
f4 Bf6 16. Nde4 Qe7 17. Rae1 a5 18. Rf3 Ba6 19. Nxf6+ Nxf6 20. Qf5 Bc8 21. Qc2
Ne4 22. Nxe4 Qxe4 23. Qc3 f6 24. Rg3 Rf8 25. Rd1 b5 26. Qd2 a4 27. Qe2 axb3 28.
axb3 b4 29. h3 Bf5 30. Rd2 Qb1+ 31. Kh2 Qe4 32. Rf3 Rfe8 33. Rg3 Rf8 34. Rf3
Rfe8 35. Rg3 Rf8 36. Rf3 Rfe8 1/2-1/2

[Event "WYCC U18 Girls 2013"]
[Site "Al-Ain UAE"]
[Date "2013.12.28"]
[Round "11.3"]
[White "Rodriguez Rueda, Paula Andrea"]
[Black "Ibrahimova, Sabina"]
[Result "0-1"]
[WhiteTitle "WIM"]
[BlackTitle "WIM"]
[WhiteElo "2257"]
[BlackElo "2205"]
[WhiteFideId "4404564"]
[BlackFideId "13403893"]
[EventDate "2013.12.18"]

1. d4 Nf6 2. c4 g6 3. Nc3 Bg7 4. e4 d6 5. f3 O-O 6. Be3 Nc6 7. Nge2 a6 8. Nc1 e5
9. d5 Nd4 10. Nb3 Nxb3 11. axb3 Nh5 12. Qd2 f5 13. O-O-O a5 14. Bd3 Bd7 15. exf5
gxf5 16. Qc2 Nf4 17. Bf1 Qe8 18. g3 Nh5 19. Bd3 a4 20. bxa4 e4 21. fxe4 Bxa4 22.
b3 Bd7 23. Kd2 Qe5 24. Rhf1 f4 25. gxf4 Nxf4 26. Rg1 Nxd3 27. Kxd3 Rf3 28. Kd2
Qxh2+ 29. Ne2 h5 30. Rg5 Bg4 31. Rg1 Raf8 32. Bd4 R8f7 33. Qb2 Rf2 34. Bxf2 Qxf2
35. R1xg4 hxg4 36. Qd4 Qh4 37. Qe3 Rf3 38. Rxg7+ Kxg7 39. Qd4+ Qf6 40. Qxf6+
Kxf6 41. Nd4 Rh3 42. Ke2 Ke5 43. Ne6 Kxe4 44. Nxc7 Rxb3 45. Ne6 Rb2+ 46. Kf1 g3
47. Kg1 Rc2 48. Ng5+ Kd4 49. Nf7 0-1

[Event "WYCC U18 Girls 2013"]
[Site "Al-Ain UAE"]
[Date "2013.12.28"]
[Round "11.4"]
[White "Xiao, Yiyi"]
[Black "Saduakassova, Dinara"]
[Result "1/2-1/2"]
[WhiteTitle "WFM"]
[BlackTitle "WGM"]
[WhiteElo "2163"]
[BlackElo "2357"]
[WhiteFideId "8606161"]
[BlackFideId "13700090"]
[EventDate "2013.12.18"]

1. d4 Nf6 2. c4 e6 3. g3 d5 4. Bg2 c5 5. cxd5 Nxd5 6. Nf3 cxd4 7. Nxd4 Be7 8.
O-O O-O 9. Nc3 Nxc3 10. bxc3 e5 11. Nb5 Nc6 12. Qxd8 Rxd8 13. Be3 Bf5 14. Rfd1
e4 15. Rxd8+ Rxd8 16. Nxa7 Nxa7 17. Bxa7 Bf6 18. g4 Bxg4 19. Bxe4 b5 20. f3 Be6
21. Rb1 Bc4 22. Bc6 Bxe2 23. Bxb5 Bxf3 24. a4 g5 25. a5 g4 26. Be3 Bxc3 27. a6
Be4 28. Rf1 Bd2 29. Kf2 f5 30. Bb6 Rb8 31. Bc4+ Kg7 32. Bd4+ Kg6 33. a7 Rb4 34.
Bd3 Bf3 35. Bc5 Ra4 36. Rb1 Ra2 37. Kg3 Kg5 38. h4+ Kh5 39. Bxf5 Bc3 40. Kf4
Bd2+ 41. Kg3 Bc3 42. Kf4 Ra5 43. Rb3 Bd2+ 44. Kg3 Be1+ 45. Kf4 Kxh4 46. Rxf3
gxf3 47. Kxf3 1/2-1/2

[Event "WYCC U18 Girls 2013"]
[Site "Al-Ain UAE"]
[Date "2013.12.28"]
[Round "11.5"]
[White "Navrotescu, Andreea-Cristiana"]
[Black "Osmanodja, Filiz"]
[Result "0-1"]
[WhiteTitle "WFM"]
[BlackTitle "WIM"]
[WhiteElo "2147"]
[BlackElo "2274"]
[WhiteFideId "675946"]
[BlackFideId "24633569"]
[EventDate "2013.12.18"]

1. d4 Nf6 2. c4 e6 3. g3 d5 4. Nf3 Bb4+ 5. Bd2 a5 6. Qc2 c5 7. cxd5 cxd4 8. Bg2
O-O 9. Nxd4 Qb6 10. Nf3 exd5 11. O-O Nc6 12. Bg5 Be7 13. Nc3 Be6 14. Rfd1 Rfd8
15. e3 Rac8 16. Qe2 h6 17. Bxf6 Bxf6 18. Nb5 Bg4 19. h3 Bh5 20. g4 Bg6 21. Rd2
Be4 22. Rad1 Nb4 23. a3 Na6 24. Nfd4 Nc5 25. Rc1 Bxg2 26. Kxg2 Ne6 27. Rcd1 Re8
28. Qf3 Rc5 29. Nc3 Ng5 30. Qf5 Re5 31. Qd3 Ne4 32. Na4 Qc7 33. Nxc5 Nxd2 34.
Na6 bxa6 35. Rxd2 Qb7 36. Rc2 Re8 37. Qc3 Qe7 38. Qd3 Qb7 39. Qd2 h5 40. Qxa5
hxg4 41. hxg4 Qd7 42. Nf5 g6 43. Qxa6 Be5 44. Nh6+ Kh7 45. g5 Qe7 46. f3 Qxg5+
47. Ng4 f5 48. Rc1 Bg7 49. Rh1+ Kg8 50. Qc6 Rd8 51. Qe6+ Kf8 52. Rf1 d4 53. exd4
Bxd4 54. Kh1 fxg4 55. Qxg4 Qh6+ 56. Kg2 Qd2+ 57. Kg3 Be5+ 58. f4 Rd3+ 59. Rf3
Qe1+ 60. Kh3 Qh1+ 61. Kg3 Qg1+ 62. Kh3 Qh1+ 63. Kg3 Rxf3+ 64. Qxf3 Qxf3+ 65.
Kxf3 Bxb2 66. Kg4 Bf6 67. a4 Ke8 68. Kf3 Kd7 69. Ke4 Ke6 70. a5 Bd8 71. a6 Bb6
72. Kf3 Kf5 73. Kg3 Ba7 74. Kf3 Bb8 0-1

[Event "WYCC U18 Girls 2013"]
[Site "Al-Ain UAE"]
[Date "2013.12.28"]
[Round "11.6"]
[White "Severina, Maria"]
[Black "Baraeva, Irina"]
[Result "1-0"]
[WhiteTitle "WIM"]
[BlackTitle "WIM"]
[WhiteElo "2203"]
[BlackElo "2211"]
[WhiteFideId "4116909"]
[BlackFideId "24142565"]
[EventDate "2013.12.18"]

1. d4 d5 2. c4 c6 3. Nc3 Nf6 4. e3 a6 5. Qc2 g6 6. Bd3 Bg7 7. Nf3 O-O 8. O-O
dxc4 9. Bxc4 Nbd7 10. e4 Nb6 11. Be2 Bg4 12. Rd1 Qc7 13. h3 Bxf3 14. Bxf3 Rad8
15. Qb3 Nfd7 16. Bg5 Bf6 17. Bxf6 Nxf6 18. Rac1 e6 19. d5 exd5 20. Nxd5 Nbxd5
21. exd5 c5 22. Qc3 Nd7 23. d6 Qb8 24. Bd5 b5 25. h4 h5 26. g4 hxg4 27. h5 b4
28. Qe3 Nf6 29. Qh6 Nxh5 30. Qxg6+ Ng7 31. Rc4 Rxd6 32. Qxd6 Qxd6 33. Bxf7+ Kxf7
34. Rxd6 Ne6 35. Rxg4 a5 36. Ra6 1-0

[Event "WYCC U18 Girls 2013"]
[Site "Al-Ain UAE"]
[Date "2013.12.28"]
[Round "11.7"]
[White "Atabayeva, Gozel"]
[Black "Aranaz Murillo, Amalia"]
[Result "0-1"]
[WhiteTitle "WFM"]
[BlackTitle "WIM"]
[WhiteElo "2069"]
[BlackElo "2262"]
[WhiteFideId "14001896"]
[BlackFideId "22200371"]
[EventDate "2013.12.18"]

1. e4 c6 2. d4 d5 3. Nd2 dxe4 4. Nxe4 Bf5 5. Ng3 Bg6 6. h4 h6 7. h5 Bh7 8. Nf3
e6 9. Bd3 Bxd3 10. Qxd3 Nf6 11. Bd2 Be7 12. O-O-O O-O 13. Ne5 c5 14. Be3 Qa5 15.
Kb1 Rd8 16. Qc4 Na6 17. Bd2 Qb6 18. Bc3 Nd5 19. dxc5 Bxc5 20. Bd4 Rac8 21. Bxc5
Rxc5 22. Qb3 Rb5 23. Qa3 Rxb2+ 24. Qxb2 Nc3+ 25. Kc1 Rxd1+ 26. Rxd1 Qxb2+ 27.
Kxb2 Nxd1+ 28. Kc1 Nxf2 29. Kd2 f6 30. Nf3 Ng4 31. Nd4 Nc5 32. Kc3 Ne3 33. Kb4
b6 34. Kb5 Nxg2 35. Nc6 f5 36. Nxa7 f4 37. Nh1 e5 38. Kxb6 e4 39. Nc6 e3 40. Nd4
Ne6 41. Nf3 e2 42. a4 Ng5 43. Ne1 Nxe1 44. a5 Nxc2 0-1

[Event "WYCC U18 Girls 2013"]
[Site "Al-Ain UAE"]
[Date "2013.12.28"]
[Round "11.8"]
[White "Marikova, Jana"]
[Black "Castrillon Gomez, Melissa"]
[Result "0-1"]
[BlackTitle "WIM"]
[WhiteElo "2062"]
[BlackElo "2155"]
[WhiteFideId "334138"]
[BlackFideId "4402413"]
[EventDate "2013.12.18"]

1. d4 g6 2. c4 f5 3. Nc3 Nf6 4. e3 Bg7 5. Bd3 d6 6. Nf3 O-O 7. O-O c6 8. e4 fxe4
9. Nxe4 Nxe4 10. Bxe4 d5 11. cxd5 cxd5 12. Qb3 e6 13. Bc2 Nc6 14. Bg5 Rxf3 15.
Bxd8 Rxb3 16. Bxb3 Nxd8 17. Rfe1 Nc6 18. Rac1 Bxd4 19. Rc2 Bd7 20. a3 Rf8 21.
Ba2 Ne5 22. Rd1 Bb6 23. h3 Ba4 24. b3 Bb5 25. Rdd2 Nd3 26. Re2 Nxf2 27. Rxf2
Rxf2 28. Rxf2 e5 29. a4 Bd3 30. a5 Bd4 31. g3 e4 32. b4 Bc4 0-1

[Event "WYCC U18 Girls 2013"]
[Site "Al-Ain UAE"]
[Date "2013.12.28"]
[Round "11.9"]
[White "Pratyusha, Bodda"]
[Black "Saranya, J"]
[Result "1-0"]
[BlackTitle "WFM"]
[WhiteElo "2128"]
[BlackElo "2057"]
[WhiteFideId "5000629"]
[BlackFideId "5031931"]
[EventDate "2013.12.18"]

1. e4 c5 2. Nf3 d6 3. d4 cxd4 4. Nxd4 Nf6 5. Nc3 a6 6. Be3 e5 7. Nb3 Be7 8. h3
h5 9. f4 Nbd7 10. g3 b5 11. Bg2 Bb7 12. Qe2 Qc7 13. Nd5 Nxd5 14. exd5 Rc8 15.
O-O-O Kf8 16. Kb1 Bf6 17. g4 exf4 18. Bxf4 Re8 19. Qf2 Nb6 20. Rhf1 hxg4 21.
hxg4 Nc4 22. Nd4 Kg8 23. g5 Be5 24. g6 f6 25. Rh1 Rxh1 26. Rxh1 Bxd4 27. Qxd4
Qc5 28. Qxc5 dxc5 29. b3 Nb6 30. Rd1 f5 31. Bc7 Nd7 32. Bh3 Rf8 33. c4 bxc4 34.
bxc4 Bc8 35. Re1 Nf6 36. Bd6 Rd8 37. Bxc5 Ne4 38. Bb4 Bd7 39. a3 Ng5 40. Bg2 f4
41. Be7 Rb8+ 42. Kc1 f3 43. Bf1 Nh3 44. Re5 Nf4 45. Bd6 Rd8 46. Re3 Ne2+ 47.
Bxe2 fxe2 48. Rxe2 Bg4 49. Re7 Rc8 50. Kd2 Bh5 51. Be5 Kf8 52. Rf7+ Ke8 53. d6
Bg4 54. Rxg7 Rxc4 55. Re7+ Kd8 56. g7 1-0

[Event "WYCC U18 Girls 2013"]
[Site "Al-Ain UAE"]
[Date "2013.12.28"]
[Round "11.10"]
[White "Klek, Hanna-Marie"]
[Black "Botez, Alexandra"]
[Result "1-0"]
[BlackTitle "WFM"]
[WhiteElo "2297"]
[BlackElo "2086"]
[WhiteFideId "24670057"]
[BlackFideId "2603365"]
[EventDate "2013.12.18"]

1. e4 e6 2. d4 d5 3. Nc3 Nf6 4. Bg5 Bb4 5. e5 h6 6. Bc1 Ne4 7. Qg4 g6 8. Ne2
Nxc3 9. Nxc3 c5 10. a3 Bxc3+ 11. bxc3 Nc6 12. dxc5 Nxe5 13. Qd4 Qf6 14. Bb5+ Kf8
15. Bf4 Nd7 16. Qxf6 Nxf6 17. Bd6+ Kg7 18. Be5 a6 19. Bd3 Bd7 20. h4 Bc6 21. Rh3
d4 22. cxd4 h5 23. f3 Rad8 24. c4 Rde8 25. Kd2 Rd8 26. Ke3 Rd7 27. Bf1 Re8 28.
g4 Ba4 29. g5 Kh7 30. gxf6 Rc8 31. Rb1 Bc6 32. Rh2 Kh6 33. Bd3 Ba4 34. Be4 b5
35. c6 Rdd8 36. d5 exd5 37. cxd5 Re8 38. f4 1-0

[Event "WYCC U18 Girls 2013"]
[Site "Al-Ain UAE"]
[Date "2013.12.28"]
[Round "11.11"]
[White "Leks, Maria"]
[Black "Juhasz, Barbara"]
[Result "0-1"]
[WhiteTitle "WCM"]
[BlackTitle "WFM"]
[WhiteElo "2076"]
[BlackElo "2152"]
[WhiteFideId "1134957"]
[BlackFideId "743585"]
[EventDate "2013.12.18"]

1. e4 e5 2. Nf3 Nc6 3. d4 exd4 4. Bc4 Nf6 5. e5 d5 6. Bb5 Ne4 7. Nxd4 Bd7 8.
Bxc6 bxc6 9. O-O Bc5 10. f3 Ng5 11. Be3 Bb6 12. f4 Ne4 13. c3 c5 14. Nc2 Ba4 15.
b3 Bc6 16. a4 a5 17. Qg4 Qe7 18. Qxg7 O-O-O 19. Qh6 Bb7 20. b4 d4 21. bxc5 dxe3
22. cxb6 e2 23. Qh3+ Kb8 24. bxc7+ Qxc7 25. Re1 Rhg8 26. Ne3 Qc5 0-1

[Event "WYCC U18 Girls 2013"]
[Site "Al-Ain UAE"]
[Date "2013.12.28"]
[Round "11.12"]
[White "Unapkoshvili, Nani"]
[Black "Michelle Catherina, P"]
[Result "0-1"]
[WhiteElo "2081"]
[BlackElo "2137"]
[WhiteFideId "13605518"]
[BlackFideId "5005736"]
[EventDate "2013.12.18"]

1. d4 Nf6 2. c4 e6 3. Nf3 d5 4. g3 dxc4 5. Bg2 Bb4+ 6. Bd2 a5 7. Bxb4 axb4 8.
Ne5 O-O 9. Nxc4 Ra7 10. O-O b6 11. e3 Bb7 12. Bxb7 Rxb7 13. a3 Ra7 14. Nbd2 bxa3
15. Rxa3 Rxa3 16. Nxa3 Nbd7 17. Qb3 e5 18. Nf3 exd4 19. exd4 Re8 20. Rc1 Ne4 21.
Qd5 c5 22. Re1 Ne5 23. Qxe4 Nxf3+ 24. Qxf3 Rxe1+ 25. Kg2 cxd4 26. Nc4 d3 27. Nd2
Re2 28. Qf4 g5 29. Qb4 Qd5+ 0-1

[Event "WYCC U18 Girls 2013"]
[Site "Al-Ain UAE"]
[Date "2013.12.28"]
[Round "11.13"]
[White "Soyunlu, Narmin"]
[Black "Lezhepekova, Veronika"]
[Result "1/2-1/2"]
[BlackTitle "WFM"]
[WhiteElo "1908"]
[BlackElo "2121"]
[WhiteFideId "13400843"]
[BlackFideId "24146137"]
[EventDate "2013.12.18"]

1. c4 e5 2. g3 Nf6 3. Bg2 c6 4. d4 exd4 5. Qxd4 d5 6. cxd5 cxd5 7. Nf3 Nc6 8.
Qa4 Bc5 9. O-O O-O 10. Bg5 h6 11. Bxf6 Qxf6 12. Nc3 Be6 13. Rad1 Rfd8 14. Rd2 a6
15. Ne1 Bd4 16. Qa3 b6 17. Nc2 Bc5 18. Qa4 b5 19. Qf4 Qxf4 20. gxf4 d4 21. Ne4
Bb6 22. Nf6+ gxf6 23. Bxc6 Ra7 24. a3 Bf5 25. Bg2 a5 26. Rfd1 Rad7 27. Bc6 Rc7
28. Ne3 dxe3 29. Rxd8+ Kg7 30. Bg2 exf2+ 31. Kf1 Be6 32. R8d6 Be3 33. Rc6 Re7
34. h3 Bc4 35. Bf3 Bxf4 36. Kxf2 Be5 37. Rd2 Bf4 38. Rd1 Be5 39. Rd2 Bf4 40. Rd1
Be5 41. Rd2 1/2-1/2

[Event "WYCC U18 Girls 2013"]
[Site "Al-Ain UAE"]
[Date "2013.12.28"]
[Round "11.14"]
[White "Dragieva, Denitza"]
[Black "Kakhramonova, Mokhinur"]
[Result "1/2-1/2"]
[WhiteTitle "WFM"]
[WhiteElo "2095"]
[BlackElo "2004"]
[WhiteFideId "2907232"]
[BlackFideId "14201771"]
[EventDate "2013.12.18"]

1. d4 d5 2. Nf3 Nf6 3. Bf4 c6 4. e3 Bf5 5. c4 e6 6. Nc3 Nbd7 7. Qb3 Qb6 8. c5
Qxb3 9. axb3 a6 10. b4 Rc8 11. h3 Be7 12. Nd2 Bd8 13. Nb3 Bc7 14. Bxc7 Rxc7 15.
b5 O-O 16. b6 Rcc8 17. Na5 Rb8 18. Bxa6 bxa6 19. Nxc6 Rbe8 20. Rxa6 Nb8 21. Nxb8
Rxb8 22. Kd2 e5 23. c6 exd4 24. exd4 Bc8 25. b7 Bxb7 26. cxb7 Rxb7 27. Rb1 Rb4
28. Kd3 Rfb8 29. Rd6 Rb3 30. Kc2 Ne4 31. Nxe4 dxe4 32. Rc6 Kf8 33. Rc8+ Rxc8+
34. Kxb3 f5 35. Rd1 Ke7 36. Ra1 h5 37. Ra5 g6 38. Rc5 Ra8 39. Rc6 Ra1 40. Rc2
Kd6 41. Kc4 Rg1 42. g3 e3 43. fxe3 Rxg3 44. b4 g5 45. Ra2 Rxh3 46. Ra6+ Kd7 47.
Ra7+ Kd6 48. Ra6+ Kd7 49. Kd5 Rxe3 50. Ra7+ Kc8 51. b5 Rb3 52. Kc4 Rh3 1/2-1/2

[Event "WYCC U18 Girls 2013"]
[Site "Al-Ain UAE"]
[Date "2013.12.28"]
[Round "11.15"]
[White "Gaboyan, Susanna"]
[Black "Nevioselaya, Maria"]
[Result "1-0"]
[WhiteElo "2050"]
[BlackElo "2088"]
[WhiteFideId "13303627"]
[BlackFideId "13502280"]
[EventDate "2013.12.18"]

1. d4 d5 2. c4 c6 3. Nf3 Nf6 4. cxd5 cxd5 5. Bf4 Nc6 6. e3 a6 7. Nc3 Bg4 8. Be2
e6 9. O-O Be7 10. Rc1 O-O 11. h3 Bh5 12. a3 Rc8 13. Na4 b5 14. Nc5 Bxc5 15. dxc5
Qa5 16. Ra1 Ne4 17. b4 Qd8 18. Qe1 Qf6 19. Nd2 Bxe2 20. Nxe4 Qb2 21. Rb1 Qxa3
22. Qxe2 dxe4 23. Bd6 Rfe8 24. Qd2 Ra8 25. Rfc1 a5 26. bxa5 Nxa5 27. c6 Qd3 28.
Qb4 Nc4 29. Rd1 Qc2 30. c7 Rec8 31. Rbc1 Qe2 32. Qxb5 Ra2 33. Bg3 Rc2 34. Rd8+ 1-0